| 000 | 01458nas0a22003011i 4500 | ||
|---|---|---|---|
| 001 | RU\NLR\DRGNLR\4317 | ||
| 005 | 20240729012825.0 | ||
| 035 | _a(NLR Aleph) 010312889 | ||
| 090 |
_a10643368 _c10643368 |
||
| 100 | _a20080514b1913 u y0rusy50 ca | ||
| 101 | 0 | _arus | |
| 102 | _aRU | ||
| 110 | _acya|||||||| | ||
| 200 | 1 |
_aСектантский листок _eОрган Объед. сектантства _fРед.-изд. В.А.Лоскутов |
|
| 210 |
_aТифлис _d1913, 1 янв - 26 мая |
||
| 311 | _aС июня 1913 изд. журн. "Сектантский вестник" (см. ) | ||
| 488 | 0 |
_1001RU\NLR\DRGNLR\4316 _12001#$aСектантский вестник$eДвухнед. духов.-нравст. журн. Орган Объед. сектантства$fРед.-изд. В.А.Лоскутов _910643364 _cТифлис _d1913, июнь - 1914, июль _fРед.-изд. В.А.Лоскутов _oДвухнед. духов.-нравст. журн. Орган Объед. сектантства _tСектантский вестник |
|
| 540 | 1 | _aСектантский листок | |
| 702 | 1 |
_aЛоскутов _bВас. Андр. _4340 |
|
| 801 | 0 |
_aRU _bNLR _c20080514 _gPSBO _2gzdor_isis |
|
| 801 | 2 |
_aRU _bNLR _c20080514 _gPSBO _2rusmarc |
|
| 852 |
_aNLR _j1-Р/1-Ти-45 |
||
| 942 | _cNEWSPAPER | ||
| 980 | _aDRG | ||